000
00246pam a2200109 a 4500
020
_c
041
_a
eng
082
_a
823.912
_b
JOY
100
_a
Joyce James.
245
_a
A Portrait Of The Artist As A Young Man
_h
Textual Documents
930
_a
7736
999
_c
84647
_d
84647